| 000 | 05341cam a22019694i 4500 | ||
|---|---|---|---|
| 003 | PE-LiUPU | ||
| 005 | 20250813165511.0 | ||
| 008 | 170725s2017 nyu rb 001 0 eng | ||
| 020 | _a1501164775 | ||
| 020 | _a9781501164774 | ||
| 035 | _a(Sirsi) i9781501164774 | ||
| 035 | _a(OCoLC)995355439 | ||
| 040 |
_aDLC _bspa _erda _cDLC _dOCLCO _dOCLCF _dRIOSL _dOCLCQ _dPE-LiUPU |
||
| 049 | _aPRUA | ||
| 050 | 0 | 0 |
_aRA784 _b.W635 2017 |
| 082 | 0 | 0 |
_a613.2 _bW57 _223 |
| 100 | 1 |
_aWillett, Walter, _eautor. |
|
| 245 | 1 | 0 |
_aEat, drink, and be healthy : _bthe Harvard Medical School guide to healthy eating / _cWalter C. Willett, M.D., Dr., P.H ; with Patrick J. Skerrett ; contributions by Edward L. Giovannucci, M.D., D. Sc. ; recipes by Maureen Callahan ; new healthy eating illustrations by Christopher Bing and Heather Foley. |
| 264 | 1 |
_aNew York : _bFree Press Paperbacks, _c2017. |
|
| 300 |
_a419 páginas ; _c23 centímetros |
||
| 336 |
_atext _2rdacontent |
||
| 337 |
_aunmediated _2rdamedia |
||
| 338 |
_avolume _2rdacarrier |
||
| 504 | _aBibliografía : páginas 379-400. | ||
| 504 | _aÍndice : páginas 401-419. | ||
| 505 | _aHealthy eating matters -- Of pyramids, plates, and dietary guidelines -- What can you belive about diet? -- Healthy weigth -- Straigth talk about fat -- Carbohydrates for better and worse -- Choose healthier sources of protein -- Eat plenty of fruits and vegetables -- You are what you drink -- Calcium: no emergency -- Take a multivitamin for insurance -- The planet's health matters too -- Putting it all together -- Healthy eating in special situations -- Shopping tips, recipes, and menus. | ||
| 526 | _aP203 | ||
| 526 | _aP200 | ||
| 526 | _aSEG65 | ||
| 526 | _aSEG64 | ||
| 526 | _aSEG63 | ||
| 526 | _aSEG62 | ||
| 526 | _aSEG61 | ||
| 526 | _aSEG60 | ||
| 526 | _aSEG59 | ||
| 526 | _aSEG58 | ||
| 526 | _aSEG57 | ||
| 526 | _aSEG56 | ||
| 526 | _aSEG55 | ||
| 526 | _aSEG54 | ||
| 526 | _aSEG53 | ||
| 526 | _aSEG52 | ||
| 526 | _aSEG51 | ||
| 526 | _aSEG50 | ||
| 526 | _aSEG49 | ||
| 526 | _aSEG48 | ||
| 526 | _aSEG47 | ||
| 526 | _aSEG46 | ||
| 526 | _aSEG24 | ||
| 526 | _aSEG23 | ||
| 526 | _aSEG22 | ||
| 526 | _aSEG21 | ||
| 526 | _aSEG20 | ||
| 526 | _aSEG19 | ||
| 526 | _aSEG18 | ||
| 526 | _aSEG17 | ||
| 526 | _aSEG16 | ||
| 526 | _aSEG14 | ||
| 526 | _aSEG13 | ||
| 526 | _aSEG12 | ||
| 526 | _aSEG11 | ||
| 526 | _aSEG10 | ||
| 526 | _aSEG09 | ||
| 526 | _aSEG06 | ||
| 526 | _aSEG05 | ||
| 526 | _aSEG04 | ||
| 526 | _aSEG03 | ||
| 526 | _aSEG02 | ||
| 526 | _aSEG68 | ||
| 526 | _aSEG66 | ||
| 526 | _aSEG45 | ||
| 526 | _aSEG25 | ||
| 526 | _aSEG01 | ||
| 526 | _aP163 | ||
| 526 | _aP162 | ||
| 526 | _aP161 | ||
| 526 | _aP160 | ||
| 526 | _aP159 | ||
| 526 | _aP158 | ||
| 526 | _aP157 | ||
| 526 | _aP156 | ||
| 526 | _aP155 | ||
| 526 | _aP154 | ||
| 526 | _aP153 | ||
| 526 | _aP152 | ||
| 526 | _aP151 | ||
| 526 | _aP150 | ||
| 526 | _aP149 | ||
| 526 | _aP142 | ||
| 526 | _aP141 | ||
| 526 | _aP140 | ||
| 526 | _aP139 | ||
| 526 | _aP138 | ||
| 526 | _aP137 | ||
| 526 | _aP132 | ||
| 526 | _aP131 | ||
| 526 | _aP130 | ||
| 526 | _aP126 | ||
| 526 | _aP125 | ||
| 526 | _aP124 | ||
| 526 | _aP123 | ||
| 526 | _aP115 | ||
| 526 | _aP122 | ||
| 526 | _aP121 | ||
| 526 | _aP116 | ||
| 526 | _a P114 | ||
| 526 | _aP112 | ||
| 526 | _aP111 | ||
| 526 | _aP104 | ||
| 526 | _aP103 | ||
| 526 | _aP102 | ||
| 526 | _aP101 | ||
| 526 | _aP100 | ||
| 526 | _aP96 | ||
| 526 | _aP95 | ||
| 526 | _aP93 | ||
| 526 | _aP92 | ||
| 526 | _aP91 | ||
| 526 | _aP88 | ||
| 526 | _aP83 | ||
| 526 | _aP82 | ||
| 526 | _aP79 | ||
| 526 | _aP78 | ||
| 526 | _aP75 | ||
| 526 | _aP74 | ||
| 526 | _aP71 | ||
| 526 | _aP69 | ||
| 526 | _a P51 | ||
| 526 | _aP49 | ||
| 526 | _aP48 | ||
| 526 | _aP47 | ||
| 526 | _aP33 | ||
| 526 | _aP31 | ||
| 526 | _a P30 | ||
| 526 | _aP29 | ||
| 526 | _aP27 | ||
| 526 | _aP26 | ||
| 526 | _aP25 | ||
| 526 | _aP24 | ||
| 526 | _a P22 | ||
| 526 | _aP10 | ||
| 526 | _aP09 | ||
| 526 | _a P08 | ||
| 526 | _aP06 | ||
| 526 | _aP05 | ||
| 526 | _aP04 | ||
| 526 | _aP01 | ||
| 650 | 0 |
_aNutrition _vPopular works. |
|
| 650 | 4 |
_aNutrición _vTrabajos populares. |
|
| 650 | 4 |
_aSALUD & APTITUD _xDietas. _2bisacsh |
|
| 650 | 4 |
_aSALUD & APTITUD _xNutrición. _2bisacsh |
|
| 650 | 4 |
_aSALUD & APTITUD _xVida saludable. _2bisacsh |
|
| 650 | 7 |
_aHEALTH & FITNESS _xDiets. _2bisacsh |
|
| 650 | 7 |
_aHEALTH & FITNESS _xHealthy Living. _2bisacsh |
|
| 650 | 7 |
_aHEALTH & FITNESS _xNutrition. _2bisacsh |
|
| 650 | 7 |
_aNutrition. _2fast _0(OCoLC)fst01042187 |
|
| 655 | 7 |
_aPopular works. _2fast _0(OCoLC)fst01423846 |
|
| 700 | 1 |
_aGiovannucci, Edward L., _eauthor. |
|
| 700 | 1 |
_aSkerrett, P. J. _q(Patrick J.), _d1953- _eauthor. |
|
| 910 |
_adbm _bebj _cebj _d20171226 |
||
| 942 |
_2ddc _cBOOK |
||
| 949 |
_a613.2 W57 _wDEWEY _c1 _i77837 _lCATALOGING _mBUL _p19.99 _r0 _sY _tBOOK _u2017-12-26 _xPOSGRADO _PP85 _0DONACION _o.STAFF. Colección Teología. |
||
| 994 |
_aC0 _bPEPRU |
||
| 596 | _a1 | ||
| 999 |
_a613.2 W57 _wDEWEY _c26388 _i77837 _f2021-11-4 _g4 _lCCODEBUL1 _mBUL _p19.99 _r0 _sY _tBOOK _u2017-12-26 _xSALUD _zP85 _0COMPRA _o.STAFF. Colección Teología. _d26388 |
||
| 980 |
_81 _gALBERTO SANCHEZ Responsable de Automatización |
||